Argumentos trascendentales

Salvato in:
Dettagli Bibliografici
Autore principale: Cabrera Villoro, Isabel (Autore)
Natura: Libro
Lingua:spagnolo
Pubblicazione: Ciudad de México UNAM 2007
Edizione:2a. ed
Serie:Filosofía Contemporánea. Serie Antologías
Soggetti:
Tags: Aggiungi Tag
Nessun Tag, puoi essere il primo ad aggiungerne!!

MARC

LEADER 00000nam a2200000 a 4500
001 UCI8545
003 CL-VaPUC
008 080911e20070000MX |||||||||||||||||spa|d
020 |a 968367335X 
082 0 4 |a 141.3  |b CAB  |2 21 
100 0 |a Cabrera Villoro, Isabel  |e author  |9 532056 
245 1 0 |a Argumentos trascendentales 
250 |a 2a. ed 
300 |a 502 p 
600 0 |a Kant, Immanuel,  |d 1724-1804  |9 858687 
942 |c BK 
945 |d 20080911 00:00:00  |a rbrito 
260 |a Ciudad de México  |b UNAM  |c 2007 
650 0 |a Trascendentalismo   |9 266759 
650 0 |a Filosofía contemporánea  |9 265372 
583 |a last modification  |c 20080911 00:00:00  |k Rodrigo Vera 
490 0 |a Filosofía Contemporánea. Serie Antologías 
999 |c 331386  |d 331384 
952 |0 0  |1 0  |4 0  |6 141_300000000000000_CAB_2007  |7 0  |8 A  |9 417946  |a BIBEDU  |b BIBEDU  |d 2019-11-22  |i 4480287  |o 141.3 CAB 2007  |p 4480287  |r 2019-11-22  |w 2019-11-22  |y BK  |k FIL